00353nam a2200109Ia 4500008004100000082002000041100002700061245001100088260003900099630001800138650008700156211109s9999||||xx |||||||||||||| ||und|| a894.8123bNAR-K aNarayana Panicker, R,  0aKusuma bNATIONAL BOOKSTALLaKottayamc1957 xGeneral Stack aMalayalam literaturevmalayalam fictionmalayalam novelmalayalam storiesxGeneralia